[Event "Laval Ile Jesus op"]
[Site "Laval"]
[Date "1986.11.30"]
[Round "3"]
[White "Charest, Johanne"]
[Black "Lafleur, Jacques"]
[Result "1-0"]
[WhiteElo "1330"]
[BlackElo "1118"]
[PlyCount "47"]
[EventDate "1986.11.29"]
[EventType "swiss"]
[EventRounds "4"]
[EventCountry "CAN"]
[SourceTitle "EXT 2022"]
[Source "ChessBase"]
[SourceDate "2021.10.06"]
[SourceVersion "1"]
[SourceVersionDate "2021.10.06"]
[SourceQuality "1"]

1. e4 c5 2. Bc4 a6 3. Qf3 Nf6 4. Nc3 b5 5. e5 bxc4 6. exf6 gxf6 7. d3 Nc6 8. dxc4 Bb7 9. Qd1 Na5 10. Nf3 Nxc4 11. b3 Ne5 12. Nxe5 fxe5 13. f3 Bg7 14. Ne4 Rc8 15. Be3 c4 16. Nc5 Qa5+ 17. Kf1 Qb6 18. Qxd7+ Kf8 19. Nxb7 Qc7 20. Rd1 Bf6 21. Bh6+ Kg8 22. Qxc7 e6 23. Qxc8+ Bd8 24. Qxd8# 1-0